Sieťovanie podnikov a tvorba vedecko-výrobných klastrov

Tvorba vedecko – výrobných klastrov a klasifikácia klastrov. Faktory rozvoja a prínosy klastrov. Praktický príklad.

Gespeichert in:
Bibliographische Detailangaben
1. Verfasser: Kučera, Antonín
Weitere Verfasser: Hudák, Jozef
Format: Buchkapitel
Sprache:Slowakisch
Schlagworte:
Tags: Tag hinzufügen
Keine Tags, Fügen Sie das erste Tag hinzu!

MARC

LEADER 00000naa a2200000 4500
001 0250646
005 20220718123957.1
041 0 |a slo 
044 |a SK 
245 1 0 |a Sieťovanie podnikov a tvorba vedecko-výrobných klastrov  |c Antonín Kučera, Jozef Hudák 
520 |a Tvorba vedecko – výrobných klastrov a klasifikácia klastrov. Faktory rozvoja a prínosy klastrov. Praktický príklad. 
610 2 0 |a stratégia inovačná 
610 2 0 |a klaster 
610 2 0 |a kooperácia medziodborová 
610 2 0 |a kooperácia medzipodniková 
610 2 0 |a prostredie podnikateľské 
610 2 0 |a koncentrácia 
610 2 0 |a základňa vedeckovýskumná 
100 1 |a Kučera, Antonín 
700 1 |a Hudák, Jozef